Dirección estratégica (Registro nro. 2628)
[ vista simple ]
| 000 -LEADER | |
|---|---|
| fixed length control field | 01202 a2200205 4500 |
| 001 - CONTROL NUMBER | |
| control field | 36271 |
| 005 - DATE AND TIME OF LATEST TRANSACTION | |
| control field | 20260407155639.0 |
| 008 - FIXED-LENGTH DATA ELEMENTS--GENERAL INFORMATION | |
| fixed length control field | 260407a1991 arg spa d |
| 003 - CONTROL NUMBER IDENTIFIER | |
| control field | AR-UNSa-BCEJYS |
| 040 ## - CATALOGING SOURCE | |
| Original cataloging agency | AR-UNSa-BCEJYS |
| Language of cataloging | spa |
| Transcribing agency | AR-UNSa-BCEJYS |
| 080 ## - UNIVERSAL DECIMAL CLASSIFICATION NUMBER | |
| Universal Decimal Classification number | 658.012.2 |
| Common auxiliary subdivision | Planificación. Programas. Planes. Medidas de apoyo a la planificación( Administración estratégica...) |
| 020 ## - INTERNATIONAL STANDARD BOOK NUMBER | |
| International Standard Book Number | 968-422-868-6 |
| 100 1# - MAIN ENTRY--PERSONAL NAME | |
| Personal name | Jarillo, José- Carlos |
| 245 10 - TITLE STATEMENT | |
| Title | Dirección estratégica |
| 264 #1 - PRODUCTION, PUBLICATION, DISTRIBUTION, MANUFACTURE, AND COPYRIGHT NOTICE | |
| Place of production, publication, distribution, manufacture | México : |
| Name of producer, publisher, distributor, manufacturer | McGraw-Hill |
| Date of production, publication, distribution, manufacture, or copyright notice | 1991 |
| 300 ## - PHYSICAL DESCRIPTION | |
| Extent | 201 p. |
| Dimensions | 23 cm. |
| 505 ## - FORMATTED CONTENTS NOTE | |
| Formatted contents note | I.: El marco competitivo: 1. El potencial de beneficios de un negocio - 2. La esencia de los beneficios: la ventaja competitiva - 3. La estrategia competitiva - II.: Configurando la empresa : 5. Diversificación - 6. Integración vertical - 7. Estrategia internacional - 8. Competencia y cooperación - III.: La estrategia en acción: 9. Estrategia para sectores muy competitivos - 10. Estrategias para introducirse en nuevos negocios - 11. La estrategia en la práctica - 12. Nota sobre planificación estratégica - 13. Conclusión: Hacia la dirección estratégica. |
| 590 ## - LOCAL NOTE (RLIN) | |
| Local note | niveau_biblio:m niveau_hierar:0 |
| 942 ## - ADDED ENTRY ELEMENTS (KOHA) | |
| Koha item type | |
| Withdrawn status | Lost status | Damaged status | Not for loan | Home library | Current library | Shelving location | Date acquired | Total checkouts | Full call number | Barcode | Date last seen | Price effective from | Koha item type |
|---|---|---|---|---|---|---|---|---|---|---|---|---|---|
| Biblioteca Prof. Eusebio Cleto del Rey | Biblioteca Prof. Eusebio Cleto del Rey | 07/04/2026 | 658.012.2 J37 | L53959 | 07/04/2026 | 07/04/2026 | Libro | ||||||
| Biblioteca Prof. Eusebio Cleto del Rey | Biblioteca Prof. Eusebio Cleto del Rey | 07/04/2026 | 658.012.2 J37 | L53831 | 07/04/2026 | 07/04/2026 | Libro |